| 000 | 00540nam a2200217Ia 4500 | ||
|---|---|---|---|
| 005 | 20241129120322.0 | ||
| 008 | 241129s9999||||xx |||||||||||||| ||und|| | ||
| 020 | _a9789390971602 | ||
| 037 | _aTB | ||
| 040 |
_aSDCL _beng _cSDCL |
||
| 041 |
_ahin _2hin |
||
| 084 |
_aP152:(W) R2 _qSDCL |
||
| 100 | _aRai Alok | ||
| 245 | 0 | _aHindi Rashtravad | |
| 260 |
_aDelhi _bRajkamal prakashan India _c2022 |
||
| 300 | _a199p | ||
| 365 |
_aINR _b695 |
||
| 650 | _aHindi | ||
| 942 |
_cTB _hP152:(W) R2 |
||
| 999 |
_c1234313 _d1234313 |
||